| Tag |
First Indicator |
Second Indicator |
Subfields |
| LEADER |
00000cam a2200000Ia 4500 |
| 001 |
in00000004873 |
| 007 |
he bmb024bbca |
| 008 |
990729s1999 dcu bb f000 0 eng d |
| 005 |
20230331144343.1 |
| 035 |
|
|
|a (OCoLC)ocm41979459
|
| 035 |
|
|
|9 AJJ3181AM
|
| 035 |
|
|
|a in00000004873
|
| 037 |
|
|
|a 161872
|b GAO (202) 512-6000 (Voice); (202) 512-6061 (Fax); (202) 512-2537 (TDD)
|f paper copy
|
| 040 |
|
|
|a GPO
|c GPO
|d MvI
|d UtOrBLW
|
| 043 |
|
|
|a n-us---
|
| 049 |
|
|
|a UMIC
|
| 049 |
|
|
|a WWW
|
| 074 |
|
|
|a 0546-D-01 (MF)
|
| 074 |
|
|
|a 0546-D-01 (online)
|
| 086 |
0 |
|
|a GA 1.5/2:T-GGD-99-34
|
| 100 |
1 |
|
|a Hillman, Richard J.
|
| 245 |
1 |
0 |
|a Securities fraud :
|b the Internet poses challenges to regulators and investors : statement of Richard J. Hillman, Associate Director, Financial Institutions and Markets Issues, General Government Division, before the Permanent Subcommittee on Investigations, Committee on Governmental Affairs, U.S. Senate.
|
| 246 |
3 |
0 |
|a Internet poses challenges to regulators and investors
|
| 264 |
|
1 |
|a Washington, D.C. (P.O. Box 37050, Washington 20013) :
|b U.S. General Accounting Office,
|c [1999]
|
| 300 |
|
|
|a 20 pages, 2 unnumbered pages ;
|c 28 cm.
|
| 336 |
|
|
|a text
|b txt
|2 rdacontent
|
| 337 |
|
|
|a microform
|b h
|2 rdamedia
|
| 338 |
|
|
|a microfiche
|b he
|2 rdacarrier
|
| 490 |
1 |
|
|a Testimony ;
|v GAO/T-GGD-99-34
|
| 500 |
|
|
|a Cover title.
|
| 500 |
|
|
|a Shipping list number: 99-0681-M.
|
| 500 |
|
|
|a "March 22, 1999."
|
| 504 |
|
|
|a Includes bibliographical references.
|
| 533 |
|
|
|a Microfiche.
|b [Washington, D.C.] :
|c Supt. of Docs., U.S. G.P.O.,
|d [1999]
|e 1 microfiche : negative.
|
| 530 |
|
|
|a Available via Internet from the GPO Access web site. Address as of 10/15/2002: http://frwebgate.access.gpo.gov/cgi-bin/getdoc.cgi?dbname=gao&docid=f:gg99034t.pdf; current access is available via PURL.
|
| 500 |
|
|
|a Microform.
|
| 650 |
|
0 |
|a Securities fraud
|z United States
|x States.
|
| 650 |
|
0 |
|a Internet fraud
|z United States
|x States.
|
| 610 |
1 |
0 |
|a United States.
|b Securities and Exchange Commission
|v Rules and practice.
|
| 710 |
1 |
|
|a United States.
|b General Accounting Office.
|
| 830 |
|
0 |
|a Testimony ;
|v GAO/T-GGD-99-34.
|
| 856 |
4 |
1 |
|u https://purl.fdlp.gov/GPO/LPS23217
|z Adobe Acrobat Reader required
|t 0
|
| 999 |
|
|
|a MARS
|
| 999 |
f |
f |
|i f0b9cbe7-009a-3a40-a3d7-f6942bf53307
|s d51f942c-3195-3c36-a0ef-0c00c9723098
|t 0
|
| 952 |
f |
f |
|p normal
|a Texas A&M University
|b College Station
|c Sterling C. Evans Library
|d Evans: US Documents Microfiche (3rd floor)
|t 0
|e GA 1.5/2:T-GGD-99-34
|h Superintendent of Documents classification
|i microform -- microfiche
|m A14824281138
|
| 952 |
f |
f |
|a Texas A&M University
|b College Station
|c Electronic Resources
|d Available Online
|t 0
|e GA 1.5/2:T-GGD-99-34
|h Superintendent of Documents classification
|
| 998 |
f |
f |
|a GA 1.5/2:T-GGD-99-34
|t 0
|l Evans: US Documents Microfiche (3rd floor)
|
| 998 |
f |
f |
|a GA 1.5/2:T-GGD-99-34
|t 0
|l Available Online
|